000 00623nam a22001811c 4500
001 ht007314856
008 051024s1980 gw |||| 000u ger d
020 _a392151505x
_93-921515-05-x
041 _ager
245 0 0 _aReisen und Reisebeschreibungen im 18. und 19. Jahrhundert als Quellen der Kulturbeziehungsforschung /
_chrsg. von B. I. Krasnobaev ..
264 _aBerlin :
_bCamen,
_c1980
300 _a403 S.
700 1 _aKrasnobaev, Boris I. [Hrsg.]
_eHerausgeberIn
942 _cMG
040 _cRU-10907106
003 RU-10907106
999 _c2121
_d2121
490 0 _aStudien zur Geschichte der Kulturbeziehungen in Mittel- und Osteuropa
_v6